| 000 | 01521nam a2200397 i 4500 | ||
|---|---|---|---|
| 001 | 13449 | ||
| 003 | KOSZ 005 | ||
| 005 | 20191123104838.0 | ||
| 008 | 080617s1961 pl a f f 001 0 pol | ||
| 015 | _aPB 1961/6428 | ||
| 040 |
_aWA N _cWA N _dKOSZ 005/RW _dKOSZ 005/HR |
||
| 041 | 1 |
_apol _heng |
|
| 080 | _a668 | ||
| 080 | _a547 | ||
| 245 | 0 | 0 |
_aProcesy jednostkowe w syntezie organicznej / _cP. H. Groggins [et al.] ; tłumaczenie T. Bizanc [et al.]. |
| 246 | 1 |
_iTytuł oryginału: _aUnit processes in organic synthesis. |
|
| 260 |
_aWarszawa : _bWydawnictwa Naukowo-Techniczne, _c1961. |
||
| 300 |
_aVIII, 1004 strony : _bilustracje ; _c25 cm. |
||
| 336 |
_aTekst _btxt _2rdacontent |
||
| 337 |
_aBez urządzenia pośredniczącego _bn _2rdamedia |
||
| 338 |
_aWolumin _bnc _2rdacarrier |
||
| 380 | _aKsiążki. | ||
| 388 | _a1901-2000 | ||
| 388 | _a1945-1989 | ||
| 504 | _aIndeks. | ||
| 521 | 8 | _aDla magistrów i inżynierów chemików zatrudnionych w przemyśle i instytutach naukowo-badawczych oraz dla studentów wyższych uczelni. | |
| 658 | _aChemia | ||
| 658 | _aInżynieria i technika | ||
| 650 | 4 | _aTechnologia chemiczna organiczna | |
| 650 | 4 | _aSynteza organiczna | |
| 700 | 1 |
_aGroggins, Philip Herkimer _d(1888-?). _eAutor |
|
| 700 | 1 |
_aBizanc, Teresa. _eTłumaczenie |
|
| 710 | 2 |
_aWydawnictwa Naukowo-Techniczne _4pbl. |
|
| 856 |
_uhttp://koha.tu.koszalin.pl/cgi-bin/koha/opac-detail.pl?biblionumber=13449 _yKatalog online BPK |
||
| 942 |
_2UKD _cKS |
||
| 999 |
_c13449 _d13449 |
||